LEADER 00847nam a2200229 i 4500 001 000000245961 003 CaOOAMICUS 005 20151021000000.0 008 151021s1935 it u000 u fre u 013 $a224866 040 $aSeMil$bita 100 1 $aGrandmaison, Léonce : de,$c.$0(OLS)http://semarc/name/5518 245 10$aDernières Retraites et triduums. 250 $a3. ed. 300 $aV, 317 p. 500 $aFondo card. Giovanni Colombo. 773 0 $aGrandmaison, Léonce : de $tEcrits spirituels.$dParis : Beauchesne et fils, 1934-1935.$g3$w()30624 850 $aSeMil 852 $aSeMil$W1$xVenegono$y1$m3GC VI 55/3$j196307$B196307$CSeMilBibl$Z2$F207094 $8B 941 1 $a3 961 $aLascito: Colombo Card. Giovanni 996 $6245$aDernières Retraites et triduums$9(OLS)http://semarc/title/347653 LEADER 00854nam a2200229 i 4500 001 000000191337 003 CaOOAMICUS 005 20100726000000.0 008 100726s1966 it u000 u ita u 013 $a169856 040 $aSeMil$bita 245 12$aI Padri Apostolici /$cTraduzione, introduzione e note di Guglielmo Corti. 260 $aRoma :$bCittà Nuova,$ccopyr. 1966. 300 $a374 p. ;$c21 cm. 500 $aContiene : Bibliografia. 650 4$aPadri Apostolici.$0(OLS)http://semarc/subject/1669 700 1 $aCorti, Guglielmo.$0(OLS)http://semarc/name/9217 850 $aSeMil 852 $aSeMil$W1$xVenegono$y1$m2U III 32$j141951$B141951$CSeMilBibl$Z2$F153525 $81 961 $aOmaggio: Altro 996 $6245$aI Padri Apostolici$9(OLS)http://semarc/title/13853 996 $6260$aRoma :$bCittà Nuova$9(OLS)http://semarc/publisher/29609